| 000 | 00351nam a22001217a 4500 | ||
|---|---|---|---|
| 082 |
_a423.1 _bPIT _cL-29, P-48 |
||
| 245 | _aThe pitman book of Synonms and antonyms | ||
| 260 |
_aLondon _bSir Issac Pitman & Sons Ltd _c1949 |
||
| 300 |
_avi, 134 P.: _bill, ; _c18 cm |
||
| 526 |
_a0 _b0 _c0 _d423_100000000000000_PIT |
||
| 650 |
_aMCE _9379 |
||
| 942 |
_2ddc _cBK |
||
| 999 |
_c543502 _d543502 |
||